01484na a2200433 450000100060000000300080000600500170001400800410003102000180007204000250009004100080011508200230012309000220014611000310016824500980019924600400029726000720033730000190040944000470042849000490047565000290052465000280055365000540058170000200063570000240065570000290067970000180070870000200072670000260074670000200077270000210079270000220081370000220083570000210085774000400087894200130091895201040093199900150103523387MIRAKIL20181213155033.0170920b tu 000 0  a9786056644443 aMilasbturcTR-AnCHP atur a321.8bS67ö 2017 a321.8 S67ö 2017 aSosyal Demokrasi Derneği aÖzgür insan ve demokrasib Özgür insan dergisi yazılarıcSosyal Demokrasi Derneği aÖzgür insan dergisi yazıları aAnkarabSosyal Demokrasi Derneğic2017fZiraat Grup Matbaacılık a254 s.c19 sm. aSosyal Demokrasi Derneği Yayınlarıv13 aSosyal Demokrasi Düşünce Dünyasıv4 aSosyal devletzTürkiye aCHP ve Sosyal Demokrasi aSiyaset ve yönetimxSosyal demokrasizTürkiye aKuruç, Bilsay aÜstünel, Besime aKışlalı, Ahmet Taner aBaykal, Deniz aAtabaş, Kadri aYücekök, Ahmet N. aErginsoy, Faruk aSoysal, Mümtaz aTaylan, Muhittin aKabasakal, Mehmet aEcevit, Bülent aÖzgür insan dergisi yazıları 2ddccBKS a0001b0001d2017-09-20e2l0o321.8 S67ö 2017p017370r2017-09-20 00:00:00v0.00w2017-09-20yBKS c5330d5330